| 000 | 004540000a22001810004500 | ||
|---|---|---|---|
| 003 | MACL | ||
| 005 | 20151028105929.0 | ||
| 008 | 151028b xxu||||| |||| 00| 0 eng d | ||
| 040 |
_aMACL _cMACL |
||
| 041 | _aEnglish | ||
| 082 | _a920/SAM | ||
| 100 |
_aSamaddar, Ranabir _917080 |
||
| 245 |
_aGandh's Dilemma _bin war and independence |
||
| 260 |
_bFrontpage _c2009 _aKolkata |
||
| 350 | _a195 | ||
| 650 |
_aBiography _917081 |
||
| 942 |
_cBK _k920/SAM _2ddc |
||
| 999 |
_c44459 _d44459 |
||